00403nam a2200133Ia 4500008004100000020002200041100001800063245008400081250001200165260003000177300002700207650002300234650001200257201002s9999 xx 000 0 und d a978-981-486-625-5 aPytel, Andrew cAndrew Pytel, Jaan KiusalaasaEngineering mechanics:bstatics (metric edition)/ a4th ed. aSingapore:bCENGAGEc2019 axii, 587 pagesc25 cm. aMechanics, applied aStatics